00744cam a2200205 a 450000100100000000500170001000800410002704000250006808200180009310000500011124500620016126000330022330000210025649000290027765000280030665000310033483000370036595201210040299900150052300000153020200929145617.0720410s1970 sp 000 f spa d aDO-SdBNPbspacBNPHU a863.64bG216n1 aGarcía Pavón, Francisco,d1919-19899470310aNuevas historias de Plinio /cFrancisco García Pavón. aBarcelona :bDestino,c1970. a211 p. ;c19 cm.1 aÁncora y delfínv358 4aNovela española91123 4aLiteratura española9632 0aÁncora y delfín ;v35894704 001054708MOaGRbGRcHDd2009-09-04iLF1l0o863.64 G216np1530-10r2020-06-25w2020-06-25y4ZPréstamo en sala c1433d1433